000 00260nam a2200097Ia 4500
082 _aEKF TYLE
245 0 _aBest dad in the sea
100 _a TYLER, Amy J. Camberwell, Victoria, 2003
_994004
942 _cBK
008 210817s9999 xx 000 0 und d
999 _c384487
_d384486